Minecraft Blöcke-A - Statistiken

Allgemein
  • Dieses Quiz wurde 82 mal gespielt
  • Das Durchschnittsergebnis liegt bei 2 aus 10
Antwortstatistiken
Blockieren % Korrekt
Andesit
83%
Amboss
28%
Amethystblock
25%
Ackerboden
10%
Aktivierungsschiene
9%
Azalee
9%
Amethysthaufen
7%
Amethystknospenblock
6%
Antiker Schutt
6%
Antriebsschiene
6%
Keine übereinstimmenden Quizze gefunden
Verteilung der Resultate
Anzahl Personen mit jedem Resultat
Perzentil nach korrekt beantworteten Fragen
Ihre Resultats-Entwicklung
Sie haben dieses Quiz noch nicht gespielt